000 01512nam a2200241Ia 4500
003 Ost
005 20260507074902.0
008 260507s9999||||xx |||||||||||||| ||und||
020 _a978995724266
040 _cfsecg
041 _aara
082 _a338.9
100 _aغنيم، عثمان محمد
_eمؤلف
245 0 _aالتنمية المستديمة :
_bفلسفتها وأساليب تخطيطها وأدوات قياسها /
_c عثمان محمد غنيم
260 _aعمان:
_bدار صفاء للنشر والتوزيع,
_c2010
300 _a335 صفحة؛
_bإيضاحات ؛
_c25 سم
520 _a المعنى اللغوي والمفهوم العلمي للتنمية المستديمة، أبعاد التنمية المستديمة، الثقافة الإقتصادية السائدة والتنمية المستديمة، التنمية المستديمة وأزمة ثقافة أم أزمة بيئة، الإستشعار عن بعد ونظم المعلومات الجغرافية والتنمية المستديمة، بعض الأساليب البيئية المشجعة في التخطيط ، قياس التنمية المستديمة، التجربة الأردنية في مجال التخطيط والتنمية والمحافظة على البيئة
653 _aالتخطيط الإجتماعي
653 _aالتخطيط الإقتصادي
653 _aالتنمية
700 _aأبو زنط، ماجد أحمد
_eمؤلف ثانوي
942 _cكتاب
999 _c41660
_d41660